|
|
|
|
| LEADER |
01561nab#a2200409#ar4500 |
| 001 |
000090604 |
| 003 |
SVKKK |
| 005 |
20090203064130.0 |
| 008 |
080512d1904 xo |||||||||||||||b|hun |
| FMT |
|
|
|
| 038 |
|
|
|a SVKKK
|
| 040 |
|
|
|a SVKKK
|b slo
|e AACR2
|
| 041 |
0 |
|
|a hun
|
| 044 |
|
|
|a xo
|c SK
|
| 080 |
|
|
|a 614.84:061.2
|2 1997
|
| 080 |
|
|
|a 061.2
|2 1997
|
| 080 |
|
|
|a 929 Salgó, Alfréd
|2 1997
|
| 080 |
|
|
|a 929 Rosin, Herman
|2 1997
|
| 242 |
1 |
0 |
|a Hasičský spolok v Snine
|y slo
|
| 245 |
1 |
0 |
|a Tüzoltó egyesület Szinnán
|
| 500 |
|
|
|a Popis z mikrofilmu
|
| 500 |
|
|
|a Nesprávne stránkovanie str.3=5
|
| 520 |
|
|
|a Na popud účtovníka Alfréda Salgó-a založený dobrovoľný hasičský zbor v Snine. Súčasne sa stal hlavným náčelníkom. Pokladníkom bol menovaný Herman Rosin - tamojší obchodník. Stanovy boli predložené na ministerstvo vnútra na schválenie
|
| 600 |
1 |
4 |
|a Salgó, Alfréd
|d 18??-19??
|x účtovník, náčelník dobrovoľného hasičského zboru
|z Snina (Slovensko)
|x pôsobenie
|
| 600 |
1 |
4 |
|a Rosin, Herman
|x obchodník
|z Snina (Slovensko)
|x pôsobenie
|
| 610 |
2 |
4 |
|a hasičský spolok (Snina, Slovensko)
|x zriadenie
|z Snina (Slovensko)
|y november 1904
|
| 655 |
|
4 |
|a hungariká
|
| 773 |
0 |
|
|t Felsömagyarországi Hirlap : Politikai ujság
|g Roč. 7, č. 90 (16.11.1904) s. [3]
|
| 957 |
|
|
|a Snina
|
| 958 |
|
|
|a DG
|
| 958 |
|
|
|a HU
|
| 974 |
|
|
|a Ba
|
| 992 |
|
|
|a RBX
|
| 997 |
|
|
|a Salgó, Alfréd
|c hasičský spolok (Snina, Slovensko)
|d Szinna p. Snina
|
| 997 |
|
|
|a Rosin, Herman
|d Szina p. Snina
|
| BAS |
|
|
|
| 998 |
|
|
|a RETRO
|